Dynamic Modeling and Improved Control of PMSG Based Wind Generation System Turbine (Thesis ME) (Record no. 69093)

MARC details
000 -LEADER
fixed length control field 00432nam a22001217a 4500
100 ## - MAIN ENTRY--AUTHOR NAME
Personal name Fahad Hussain Zardari
-- 21-MPE-06
-- Supervisor - Dr. Ghullam Sarwar Kaloi
245 ## - TITLE STATEMENT
Title Dynamic Modeling and Improved Control of PMSG Based Wind Generation System Turbine (Thesis ME)
260 ## - PUBLICATION, DISTRIBUTION, ETC. (IMPRINT)
Place of publication Nawabshah
Name of publisher QUEST
Year of publication 2025
300 ## - PHYSICAL DESCRIPTION
Number of Pages 105
700 ## - ADDED ENTRY--PERSONAL NAME
Personal name Department of Electrical Engineering
942 ## - ADDED ENTRY ELEMENTS (KOHA)
Koha item type Thesis and Dissertation
Holdings
Withdrawn status Lost status Home library Current library Date acquired Accession Number Koha item type
    Research Section Research Section 29/06/2026 MP/103-1531 Thesis and Dissertation
    Research Section Research Section 29/06/2026 MP/103-1532 Thesis and Dissertation